01121nas a2200265Ia 4500001001100000003000900011008004100020040001300061040001300074041001300087100004200100210003100142222003100173245010600204250001100310260002900321501008600350300002000436362003600456500023500492650004300727700001300770700001900783700005300802R126/G2278IT-RoPAU151124c99999999xx |||||||||||| ||und|| aIT-RoPAU cIT-RoPAU aITALIANO aBorrelli G.gCodice Aut. SPICS: 54148 aPROBLEMI DELL'INFORMAZIONE aProblemi Dell'Informazione aPROBLEMI DELL'INFORMAZIONE, ANNO 24-N.3 (SETTEMBRE 1999)bGiornalisti Ambientalisti E Scientifici (I) a1a ed. aBOLOGNAbIL MULINOc1999 bPaulus - SPICS - Società San Paolo EM (non-commercial uses only)cCopyright2015 a13 p. [359-371] aANNO 024, N.03 (SETTEMBRE 1999) aUn'Indagine Enea e Wwf. Mass Media e Ambiente: Ragioni del Disagio, Tendenza Generale, Fonti Principali, Come Promuovere la Coscienza Ambientale, Quali sono le Urgenze Ambientali. è Buona L'Informazione Scientifica e Ambientale? aCOMUNICAZIONEvPUBBLICAZIONE PERIODICA aBelli M. aMarchetti Aldo gCodice Aut. SPICS: 11696Codice Aut. SPICS: 54149